Statistiques concernant Pays d'Océanie et capitales - Map Quiz

Cliquez ici pour prendre le quiz!

Statistiques générales

  • Ce quiz a été pris 71 fois
  • Le résultat moyen est 8 sur 14

Réponses sur la Carte

Les réponses sont colorées sur une échelle allant du rouge au vert en fonction du pourcentage des utilisateurs qui les ont devinées à leur premier essai. Vous pouvez retrouver ces pourcentages ci-dessous.
 

Statistiques - réponses

Réponse% Correct
Canberra
98%
Wellington
83%
Port Moresby
74%
Suva
51%
Majuro
49%
Palikir
49%
Honiara
47%
Port Vila
47%
Ngerulmund/ Melekeok
45%
Apia
43%
Funafuti
43%
Yaren
43%
Tarawa
42%
Nuku'alofa
38%

Distribution des résultats

Percentile par nombre de réponses

% des personnes avec chaque résultat

Votre développement - résultats

Vous n’avez pas pris ce quiz